000 00608nam a2200229Ia 4500
003 OSt
005 20221007075323.0
006 a|||||r|||| 00| 0
007 ta
008 221006b |||||||| |||| 00| 0 eng d
024 _a12,228
037 _cTextual
040 _aFLL
_cFLL
_beng
041 _2eng
_aeng
082 _aV2:58(Q).N7, M2
100 _aBanerjee B.N.
245 0 _aReligious conversions in India
260 _aNew Delhi
_bHarnam Publications India
_c1982
300 _a384p
_ccm.
942 _hV2:58(Q).N7, M2
_cTEXL
_2CC
999 _c1155611
_d1155611